000 00635nam a2200277Ia 4500
005 20260324140721.0
008 008 260324s9999 xx 000 0 eng d
020 _a9780203750186
037 _aEBOOK
040 _aCRL
040 _beng
040 _cCRL
041 _2eng
041 _aeng
084 _qCRL
100 _aR.E. Hayes
_91205466
245 0 _aIntroduction to Catalytic Combustion
260 _bTaylor and Francis
260 _c1998
365 _a
365 _b720
856 _uhttp://www.taylorfrancis.com/books/9780203750186
942 _cEBOOK
999 _c1807813
_d1807813